000 00359nam a2200145Ia 4500
008 240624s9999 xx 000 0 und d
041 _aeng
082 _a658.84 KIE
100 _aKIENAN BRENDA
245 _aMANAGING YOUR ECOMMERCE BUSINESS
250 _a(2nd ed.)
260 _c2001
_aNew Delhi
_bPrentice-Hall of India
300 _axxvi, : 420
365 _cRS
999 _c501
_d501